Effects of Resilience Building Program on Resilience Workplace Well-being and Work Engagement of Early Career Employees/ (Record no. 607453)

000 -LEADER
fixed length control field 00584nam a22001697a 4500
003 - CONTROL NUMBER IDENTIFIER
control field NUST
038 ## - RECORD CONTENT LICENSOR
Staff Name Nusrat Nadeem
082 ## - DEWEY DECIMAL CLASSIFICATION NUMBER
Classification number 200
100 ## - MAIN ENTRY--PERSONAL NAME
Personal name Zil-E-Huma
245 ## - TITLE STATEMENT
Title Effects of Resilience Building Program on Resilience Workplace Well-being and Work Engagement of Early Career Employees/
Statement of responsibility, etc. Zil-E-Huma
264 ## - PRODUCTION, PUBLICATION, DISTRIBUTION, MANUFACTURE, AND COPYRIGHT NOTICE
Place of production, publication, distribution, manufacture Islamabad;
Name of producer, publisher, distributor, manufacturer S3H NUST;
Date of production, publication, distribution, manufacture, or copyright notice 2023.
300 ## - PHYSICAL DESCRIPTION
Extent ill:
Other physical details 131,p:
Dimensions 30,cm.
690 ## - LOCAL SUBJECT ADDED ENTRY--TOPICAL TERM (OCLC, RLIN)
Topical term or geographic name as entry element MS-Behavioral Sciences
700 ## - ADDED ENTRY--PERSONAL NAME
Personal name Supervisor: Dr. Gulnaz Zahid
856 ## - ELECTRONIC LOCATION AND ACCESS
Uniform Resource Identifier <a href=" http://10.250.8.41:8080/xmlui/handle/123456789/37960"> http://10.250.8.41:8080/xmlui/handle/123456789/37960</a>
942 ## - ADDED ENTRY ELEMENTS (KOHA)
Source of classification or shelving scheme
Koha item type Soft Copy
Holdings
Withdrawn status Permanent Location Current Location Shelving location Date acquired Full call number Barcode Koha item type
  Central Library (CL) Central Library (CL) Thesis 01/19/2024 200 CL-T-6880 Soft Copy
© 2023 Central Library, National University of Sciences and Technology. All Rights Reserved.